000 01017nam a2200301 a 4500
001 000014303
003 DO-SdBNP
005 20210512135505.0
007 000014303
008 091209s1977 dr 000 j spa d
020 _a8484010112
040 _aBPMSU
_bspa
_cBPMSU
082 4 _aRD863.42
_bT853n, 1977
_222
100 1 _aTroncoso de la Concha, Manuel de Jesús,
_d1878-1955
245 1 0 _aNarraciones dominicanas /
_cM. de Jesús Troncoso de la Concha; prólogo R. Emilio Jiménez.
250 _a6a ed.
260 _aSanto Domingo :
_bEditora de Santo Domingo,
_c1977.
300 _aix, 302 p. ;
_c23 cm.
500 _aIncluye datos biográficos del autor (p.7-10)
500 _aIncluye referencias bibliográficas y notas al pie de las páginas
590 _6Inventariado, 2021/VM
650 4 _aCuentos dominicanos
650 4 _aLiteratura dominicana
650 4 _aHistoria en la literatura
700 1 2 _aJiménez, Ramón Emilio,
_d1886-1970,
_epról.
910 _a VMateo
942 _2ddc
_cBK
999 _c7986
_d7986